[Event "Baltic Sea Cup 2008"]
[Site "Ronne"]
[Date "2008.08.03"]
[Round "7"]
[White "Valle, Lorenzo"]
[Black "Rothwell, Jonathan"]
[Result "1-0"]
[WhiteElo "1573"]
[BlackElo "1700"]
[PlyCount "66"]
[EventDate "2008.07.29"]


1. e4 e6 2. d3 c5 3. Nf3 g6 4. g3 Bg7 5. Bg2 Ne7 6. c3 Nbc6 7. O-O O-O 8. Re1
Re8 9. Nbd2 d5 10. e5 f6 11. d4 cxd4 12. cxd4 fxe5 13. Nxe5 Nxe5 14. dxe5 Nc6
15. Nf3 Rf8 16. Bf4 Qc7 17. Rc1 Rf7 18. Qe2 Bd7 19. Nd4 Rff8 20. Bh3 Rae8 21.
Qd2 Qb6 22. Nxc6 bxc6 23. Be3 Qa6 24. Qd4 Ra8 25. a3 Rfb8 26. Qc5 Bxe5 27. Qe7
Qc8 28. Bh6 Bxb2 29. Rxe6 Qe8 30. Qd6 Bxe6 31. Bxe6+ Kh8 32. Rxc6 Rd8 33. Qc7
d4 1-0

[Event "Baltic Sea Cup 2008"]
[Site "Ronne"]
[Date "2008.08.03"]
[Round "7"]
[White "Von Wantoch, Markus"]
[Black "Larsen, Bjorn H"]
[Result "1-0"]
[WhiteElo "1907"]
[BlackElo "1940"]
[PlyCount "57"]
[EventDate "2008.07.29"]


1. e4 c5 2. Nc3 Nc6 3. g3 g6 4. Bg2 Bg7 5. d3 e6 6. Be3 d6 7. Qd2 Nd4 8. Nd1
Ne7 9. c3 Ndc6 10. Bh6 Bf6 11. h4 Bd7 12. Nf3 Qb6 13. Ne3 Rg8 14. Bg5 Bh8 15.
Ng4 O-O-O 16. Nf6 Bxf6 17. Bxf6 h5 18. O-O Kb8 19. b4 Rc8 20. bxc5 Qxc5 21.
Rab1 Rc7 22. Nd4 a6 23. Nb3 Qa3 24. d4 Nc8 25. e5 d5 26. Nc5 Ka8 27. Rb3 Qa5
28. Qb2 b5 29. Ra3 1-0

[Event "Baltic Sea Cup 2008"]
[Site "Ronne"]
[Date "2008.08.03"]
[Round "7"]
[White "Zachariassen, John"]
[Black "Christensen, John"]
[Result "1-0"]
[WhiteElo "1949"]
[BlackElo "2116"]
[PlyCount "113"]
[EventDate "2008.07.29"]


1. f4 b6 2. Nf3 Bb7 3. e3 e6 4. Be2 Nf6 5. O-O h6 6. Nc3 Bb4 7. Nb1 O-O 8. b3
Re8 9. Bb2 Nc6 10. a3 Bf8 11. Qe1 d6 12. d3 Ng4 13. Bd1 d5 14. h3 Nf6 15. Nbd2
b5 16. Qf2 g6 17. Ne5 Bg7 18. Qg3 Ne7 19. Ndf3 c5 20. Qf2 Rc8 21. g4 Nd7 22. g5
h5 23. Be2 Nf8 24. Rae1 Nf5 25. Bd1 d4 26. exd4 cxd4 27. Nxd4 Bxe5 28. fxe5
Qxg5+ 29. Kh2 Re7 30. Rg1 Qh6 31. Nxf5 exf5 32. Ref1 Kh7 33. d4 a5 34. c3 Ne6
35. Bf3 Bxf3 36. Qxf3 Nc7 37. Bc1 Qf8 38. Rg5 Re6 39. d5 Nxd5 40. Qxd5 Rxc3 41.
Qd1 Rec6 42. Bf4 a4 43. bxa4 bxa4 44. Qxa4 R6c4 45. Qd1 h4 46. Qd5 Re4 47. Qd1
Rxa3 48. Rg2 Qa8 49. Bg5 Rxe5 50. Qd4 Re4 51. Qf6 Qa7 52. Rxf5 Re6 53. Qxf7+
Qxf7 54. Rxf7+ Kg8 55. Rgf2 Re8 56. Bc1 Rg3 57. Bb2 1-0

[Event "Baltic Sea Cup 2008"]
[Site "Ronne"]
[Date "2008.08.04"]
[Round "8"]
[White "Andersen, Daniel"]
[Black "Koop, Th Boerge"]
[Result "1-0"]
[WhiteElo "1969"]
[BlackElo "1568"]
[PlyCount "73"]
[EventDate "2008.07.29"]


1. c4 e6 2. g3 d5 3. Bg2 c6 4. Qc2 Nd7 5. Nf3 Ngf6 6. d4 dxc4 7. Qxc4 Nb6 8.
Qc2 Bd7 9. Nbd2 Be7 10. O-O O-O 11. Nb3 Rc8 12. Nc5 Qc7 13. Bf4 Bd6 14. Bxd6
Qxd6 15. Nxb7 Qc7 16. Nc5 Rfd8 17. Rac1 Be8 18. Rfd1 Nbd7 19. Qa4 Nxc5 20. Rxc5
Qb6 21. Qc2 Rb8 22. Rd2 Nd5 23. a3 Qb3 24. Ne5 Rd6 25. Nxc6 Bxc6 26. Rxc6 Rxc6
27. Qxc6 Ne3 28. Rd3 Qxb2 29. fxe3 Qxe2 30. Bf1 Qb2 31. Qg2 Qc1 32. Rd2 g6 33.
e4 Rb1 34. d5 exd5 35. exd5 Qe1 36. d6 Qe8 37. Qf2 1-0

[Event "Baltic Sea Cup 2008"]
[Site "Ronne"]
[Date "2008.08.04"]
[Round "8"]
[White "Andersen, Harry"]
[Black "Magnussen, Helge"]
[Result "1-0"]
[WhiteElo "1904"]
[BlackElo "2012"]
[PlyCount "65"]
[EventDate "2008.07.29"]


1. e4 e6 2. d4 d5 3. Nc3 dxe4 4. Nxe4 Nd7 5. Nf3 Ngf6 6. Nxf6+ Nxf6 7. Bd3 c5
8. O-O cxd4 9. Nxd4 Be7 10. b3 O-O 11. Bb2 Qb6 12. Qf3 Rd8 13. Rad1 Bd7 14.
Rfe1 Bc5 15. Qg3 Kh8 16. Nf3 Be7 17. Ng5 Be8 18. Nxh7 Nh5 19. Qf3 f5 20. g4 Bc6
21. Qh3 Nf4 22. Qg3 Bd6 23. Qh4 Ng2 24. Bxg7+ Kxg7 25. Qg5+ Kxh7 26. Rxe6 Bxh2+
27. Kxh2 Qc7+ 28. Kg1 Qg7 29. Rh6+ Kg8 30. Rg6 Rd7 31. Bc4+ Kf8 32. Rxd7 Qxd7
33. Rg8# 1-0

[Event "Baltic Sea Cup 2008"]
[Site "Ronne"]
[Date "2008.08.04"]
[Round "8"]
[White "Andersen, Rune"]
[Black "Adolfssen, Rico"]
[Result "1-0"]
[WhiteElo "2143"]
[BlackElo "1933"]
[PlyCount "51"]
[EventDate "2008.07.29"]


1. d4 f5 2. g3 g6 3. Bg2 Bg7 4. Nh3 Nc6 5. c3 Nf6 6. Nf4 O-O 7. h4 e5 8. Qb3+
Kh8 9. dxe5 Nxe5 10. h5 gxh5 11. Nd2 Qe8 12. Nf3 Neg4 13. Nd4 Nh6 14. Bf3 c5
15. Nb5 Qe5 16. Nxh5 Nxh5 17. Rxh5 Rf6 18. Bf4 Qe7 19. Nc7 Ng4 20. Nxa8 c4 21.
Qxc4 Qe8 22. Bxg4 fxg4 23. Re5 Qf8 24. Nc7 Rc6 25. Qxc6 Bxe5 26. Bxe5+ 1-0

[Event "Baltic Sea Cup 2008"]
[Site "Ronne"]
[Date "2008.08.04"]
[Round "8"]
[White "Berg, Peter"]
[Black "Valle, Lorenzo"]
[Result "1-0"]
[WhiteElo "1998"]
[BlackElo "1573"]
[PlyCount "47"]
[EventDate "2008.07.29"]


1. d4 Nf6 2. c4 e5 3. dxe5 Ng4 4. Nf3 Bc5 5. e3 Nc6 6. Be2 Ngxe5 7. O-O O-O 8.
Nc3 Nxf3+ 9. Bxf3 Ne5 10. Be2 Re8 11. Kh1 d6 12. f4 Nc6 13. e4 f5 14. Bd3 Rf8
15. a3 a5 16. Bd2 Bd4 17. Qc2 g6 18. Rae1 Bd7 19. Nd5 fxe4 20. Bxe4 Bf5 21. Bc3
Bxe4 22. Rxe4 Bc5 23. Rfe1 Qf6 24. Nxf6+ 1-0

[Event "Baltic Sea Cup 2008"]
[Site "Ronne"]
[Date "2008.08.04"]
[Round "8"]
[White "Christensen, John"]
[Black "Andersen, Dag"]
[Result "1-0"]
[WhiteElo "2116"]
[BlackElo "1944"]
[PlyCount "107"]
[EventDate "2008.07.29"]


1. Nf3 Nf6 2. g3 g6 3. Bg2 Bg7 4. O-O d6 5. d4 O-O 6. c4 Nbd7 7. Nc3 c5 8. e4
cxd4 9. Nxd4 Ne5 10. b3 Bd7 11. h3 Rb8 12. Be3 a6 13. a4 Nc6 14. Nc2 b6 15. Rb1
Qc7 16. Qd2 Na5 17. Nb4 Bc8 18. Ncd5 Qd8 19. Nxf6+ Bxf6 20. Nd5 b5 21. Nxf6+
exf6 22. Bf4 bxc4 23. Qxd6 Rb7 24. Qxd8 Rxd8 25. e5 Rxb3 26. exf6 Rxb1 27. Rxb1
Nb3 28. Bc7 Rd2 29. Re1 Be6 30. Bf4 Rd8 31. Re3 Nc5 32. a5 Nd3 33. Bf1 Nxf4 34.
gxf4 h5 35. f5 gxf5 36. Rg3+ Kh7 37. Bg2 Rg8 38. Rc3 f4 39. Kf1 Kg6 40. Bb7
Bxh3+ 41. Rxh3 Kxf6 42. Rxh5 Rb8 43. Be4 Ke7 44. Rc5 Rb4 45. f3 Kd7 46. Ke1 Ra4
47. Kd2 Ra1 48. Kc2 Ra3 49. Kb2 Rb3+ 50. Ka2 Rb4 51. Ka3 Rb3+ 52. Ka4 Rb2 53.
Rxc4 f5 54. Bxf5+ 1-0

[Event "Baltic Sea Cup 2008"]
[Site "Ronne"]
[Date "2008.08.04"]
[Round "8"]
[White "Hansen, Mads"]
[Black "Lilleoren, Morten"]
[Result "1-0"]
[WhiteElo "2041"]
[BlackElo "2105"]
[PlyCount "57"]
[EventDate "2008.07.29"]


1. e4 c5 2. Nf3 d6 3. d4 cxd4 4. Nxd4 Nf6 5. Nc3 g6 6. Be3 Bg7 7. Be2 O-O 8.
Qd2 Nc6 9. O-O-O d5 10. exd5 Nxd5 11. Nxc6 bxc6 12. Nxd5 Qxd5 13. Qxd5 cxd5 14.
Rxd5 Bb7 15. Rd7 Bxg2 16. Rg1 Bh3 17. Rxe7 a5 18. Bg4 Bxg4 19. Rxg4 Rfb8 20. f3
Rb5 21. Rge4 Bf6 22. Re8+ Rxe8 23. Rxe8+ Kg7 24. c4 Rh5 25. c5 Bg5 26. f4 Bxf4
27. Bxf4 Rxc5+ 28. Kd2 g5 29. Be5+ 1-0

[Event "Baltic Sea Cup 2008"]
[Site "Ronne"]
[Date "2008.08.04"]
[Round "8"]
[White "Hansen, Martin"]
[Black "Medvegy, Nora"]
[Result "0-1"]
[WhiteElo "2128"]
[BlackElo "2353"]
[PlyCount "46"]
[EventDate "2008.07.29"]


1. e4 c5 2. c3 d5 3. exd5 Qxd5 4. d4 Nf6 5. Nf3 e6 6. Na3 Qd8 7. Nc2 Nbd7 8.
Be2 Qc7 9. Ne3 cxd4 10. Nxd4 a6 11. O-O Bd6 12. h3 O-O 13. Qc2 Ne5 14. Nf3 Ng6
15. Nc4 Bc5 16. Bd3 b5 17. Ncd2 Rb8 18. Ng5 Bb6 19. Ndf3 Bb7 20. b3 Rbc8 21. c4
h6 22. Nxf7 Bxf3 23. Bxg6 Qg3 0-1

[Event "Baltic Sea Cup 2008"]
[Site "Ronne"]
[Date "2008.08.04"]
[Round "8"]
[White "Hein, Jacob"]
[Black "Christensen, Svend Ib"]
[Result "1/2-1/2"]
[WhiteElo "1603"]
[BlackElo "1531"]
[PlyCount "86"]
[EventDate "2008.07.29"]


1. e4 d6 2. d4 e6 3. Nf3 Nd7 4. Be3 b6 5. Bd3 Bb7 6. Nbd2 Ngf6 7. Qe2 Be7 8. h3
c5 9. c3 cxd4 10. cxd4 O-O 11. O-O Rc8 12. Rac1 Rxc1 13. Rxc1 Qb8 14. Bg5 h6
15. Bh4 Rc8 16. Rxc8+ Qxc8 17. d5 e5 18. b4 Qc1+ 19. Qe1 Qa3 20. Qb1 Qc3 21.
Qc2 Qxc2 22. Bxc2 Ba6 23. a4 Be2 24. Ne1 g5 25. Bg3 a5 26. Bd3 Bxd3 27. Nxd3
axb4 28. Nxb4 Nc5 29. Nc6 Bf8 30. a5 bxa5 31. Nxa5 Nfxe4 32. Nxe4 Nxe4 33. Nc6
Nxg3 34. fxg3 f5 35. Kf2 Kf7 36. Kf3 e4+ 37. Ke3 Bg7 38. g4 fxg4 39. hxg4 Bb2
40. Kxe4 Kf6 41. Nd4 Kg6 42. Nf5 Be5 43. Ne7+ Kf7 1/2-1/2

[Event "Baltic Sea Cup 2008"]
[Site "Ronne"]
[Date "2008.08.04"]
[Round "8"]
[White "Iljushin, Alexei"]
[Black "Evdokimov, Alexander A"]
[Result "1/2-1/2"]
[WhiteElo "2546"]
[BlackElo "2555"]
[PlyCount "31"]
[EventDate "2008.07.29"]


1. d4 Nf6 2. c4 c5 3. d5 b5 4. cxb5 a6 5. b6 d6 6. Nc3 g6 7. Nf3 Bg7 8. e4 O-O
9. Be2 Nbd7 10. O-O a5 11. a4 Qxb6 12. Nd2 Qc7 13. Nc4 Ba6 14. Qc2 Rfb8 15. Na3
Bxe2 16. Qxe2 1/2-1/2

[Event "Baltic Sea Cup 2008"]
[Site "Ronne"]
[Date "2008.08.04"]
[Round "8"]
[White "Jahncke, Giso"]
[Black "Urkedal, Frode Olav Olsen"]
[Result "1-0"]
[WhiteElo "2052"]
[BlackElo "2299"]
[PlyCount "113"]
[EventDate "2008.07.29"]


1. e4 c5 2. Nf3 d6 3. d4 cxd4 4. Nxd4 Nf6 5. Nc3 a6 6. Be3 e6 7. f3 b5 8. g4 h6
9. Qd2 Nbd7 10. O-O-O Bb7 11. Bd3 b4 12. Na4 e5 13. Nf5 Bc6 14. b3 Bxa4 15.
bxa4 g6 16. Nxh6 Qc7 17. g5 Nh5 18. Qxb4 d5 19. Qb3 Bxh6 20. Qxd5 Nb6 21. Qa5
Bxg5 22. Bxg5 O-O 23. Be3 Rab8 24. Qxa6 Nf4 25. Bxf4 exf4 26. Qb5 Nd7 27. Qc4
Qb6 28. Rhe1 Ne5 29. Qb3 Qf2 30. Bb5 Rfc8 31. Re2 Qc5 32. Red2 Nc4 33. Rd7 Qe3+
34. Qxe3 Nxe3 35. R1d2 Rc5 36. Rd8+ Rxd8 37. Rxd8+ Kg7 38. Bd3 Rh5 39. Ra8 Rxh2
40. a5 Rh5 41. a6 Ra5 42. Kb2 g5 43. Be2 Kf6 44. Kb3 Rc5 45. c3 Rc7 46. Rb8 g4
47. fxg4 Ng2 48. Rb7 Rc8 49. a7 Ra8 50. Bf3 Ne1 51. e5+ Kg5 52. e6 Nxf3 53.
exf7 Nd2+ 54. Kc2 Nc4 55. Rb8 Rxa7 56. f8=Q f3 57. Qc5+ 1-0

[Event "Baltic Sea Cup 2008"]
[Site "Ronne"]
[Date "2008.08.04"]
[Round "8"]
[White "Jensen, Jan Kargaard"]
[Black "Jensen, Byrial"]
[Result "1/2-1/2"]
[WhiteElo "1813"]
[BlackElo "1656"]
[PlyCount "155"]
[EventDate "2008.07.29"]


1. d4 f5 2. c4 Nf6 3. Nc3 g6 4. g3 Bg7 5. Bg2 O-O 6. Nf3 c6 7. O-O d6 8. d5 Bd7
9. Nd4 c5 10. Nc2 Na6 11. Rb1 Rb8 12. e4 fxe4 13. Nxe4 b5 14. Ne3 bxc4 15. Nxc4
Nc7 16. Nc3 Bf5 17. Ra1 Qd7 18. Ne3 Bh3 19. Qc2 Bxg2 20. Kxg2 Ng4 21. Bd2 Rf7
22. Rad1 Rbf8 23. f4 Nxe3+ 24. Bxe3 Rb8 25. b3 Nb5 26. Nxb5 Qxb5 27. Rfe1 a5
28. Bd2 Bd4 29. Bc3 Bxc3 30. Qxc3 a4 31. Rb1 a3 32. Re4 Qb7 33. Rd1 Rf5 34. Qe3
Qa8 35. Qd3 Re8 36. Ra4 Qb7 37. Rxa3 e6 38. Qa6 Qxa6 39. Rxa6 Rxd5 40. Rxd6
Rxd1 41. Rxd1 Ra8 42. Rd2 Kf7 43. Kf3 Kf6 44. Ke4 h6 45. Rc2 Ra5 46. a4 Ke7 47.
Rc4 Kd6 48. g4 Ra7 49. Rc3 Rb7 50. Rd3+ Ke7 51. Ke5 c4 52. bxc4 Rb4 53. c5 Rxa4
54. Rd6 Ra2 55. Rxe6+ Kf7 56. Rf6+ Kg7 57. Rc6 Re2+ 58. Kd6 Rxh2 59. Rc7+ Kf6
60. Rh7 Rd2+ 61. Kc7 Rd4 62. c6 Rxf4 63. Rxh6 Kg5 64. Rh7 Kxg4 65. Kd8 Rf8+ 66.
Ke7 Ra8 67. c7 g5 68. Rg7 Kh3 69. Rf7 Ra7 70. Rh7+ Kg2 71. Kd8 Ra8+ 72. c8=Q
Rxc8+ 73. Kxc8 g4 74. Kd7 g3 75. Ke6 Kf1 76. Ke5 g2 77. Rf7+ Ke2 78. Rg7
1/2-1/2

[Event "Baltic Sea Cup 2008"]
[Site "Ronne"]
[Date "2008.08.04"]
[Round "8"]
[White "Johansen, Johnny Holler"]
[Black "Thjomoe, Hans Richard"]
[Result "0-1"]
[WhiteElo "2029"]
[BlackElo "1735"]
[PlyCount "54"]
[EventDate "2008.07.29"]


1. e4 c5 2. Nf3 d6 3. d4 cxd4 4. Nxd4 a6 5. Nc3 Nf6 6. Be2 g6 7. Be3 Bg7 8. f3
Nbd7 9. Qd2 h5 10. h4 Ne5 11. Bg5 Bd7 12. O-O-O b5 13. Nb3 Be6 14. Kb1 Rc8 15.
Nd5 Bxd5 16. exd5 Nc4 17. Bxc4 bxc4 18. Bxf6 Bxf6 19. Nd4 c3 20. bxc3 Rc4 21.
Ka1 Qa5 22. Rhe1 O-O 23. Re3 Ra4 24. Nb3 Rxa2+ 25. Kb1 Rb8 26. Qd3 Ra1+ 27. Kb2
Qa3# 0-1

[Event "Baltic Sea Cup 2008"]
[Site "Ronne"]
[Date "2008.08.04"]
[Round "8"]
[White "Khenkin, Igor"]
[Black "Roiz, Michael"]
[Result "1/2-1/2"]
[WhiteElo "2655"]
[BlackElo "2680"]
[PlyCount "48"]
[EventDate "2008.07.29"]


1. d4 d5 2. c4 c6 3. Nf3 Nf6 4. Qb3 dxc4 5. Qxc4 Bf5 6. g3 e6 7. Bg2 Be7 8. O-O
O-O 9. Nc3 Nbd7 10. Re1 h6 11. e4 Bh7 12. Bf4 Rc8 13. Qb3 Qb6 14. Nd2 Qxd4 15.
Qxb7 Qb6 16. Qxb6 axb6 17. Nc4 Rfd8 18. a4 Bb4 19. Red1 b5 20. axb5 Bxc3 21.
bxc3 cxb5 22. Nd6 Rxc3 23. Nxb5 Rb3 24. Nd4 Rc3 1/2-1/2

[Event "Baltic Sea Cup 2008"]
[Site "Ronne"]
[Date "2008.08.04"]
[Round "8"]
[White "Knof, Henrike"]
[Black "Andersen, Jonas Odgaard"]
[Result "1-0"]
[WhiteElo "1477"]
[BlackElo "1000"]
[PlyCount "68"]
[EventDate "2008.07.29"]


1. e4 c5 2. Nf3 Nf6 3. Nc3 Nc6 4. d4 e6 5. h3 d5 6. e5 Ne4 7. Be3 c4 8. Nxe4
dxe4 9. Ng5 f6 10. exf6 Qxf6 11. Bxc4 Qf5 12. d5 exd5 13. Bxd5 Be7 14. Bxe4 Qe5
15. Qh5+ g6 16. Bxg6+ hxg6 17. Qxg6+ Kd7 18. O-O-O+ Kc7 19. Nf7 Qf6 20. Qg3+
Ne5 21. Qxe5+ Qxe5 22. Nxe5 Be6 23. Kb1 Rh5 24. Ng6 Bg5 25. f4 Bf6 26. g4 Rb5
27. b3 Rd8 28. Rxd8 Kxd8 29. f5 Bd5 30. Rd1 Ke8 31. g5 Bc3 32. Rd3 Ba5 33. a4
Rb4 34. Rxd5 Bc7 1-0

[Event "Baltic Sea Cup 2008"]
[Site "Ronne"]
[Date "2008.08.04"]
[Round "8"]
[White "Kogan, Artur"]
[Black "Golod, Vitali"]
[Result "0-1"]
[WhiteElo "2569"]
[BlackElo "2578"]
[PlyCount "116"]
[EventDate "2008.07.29"]


1. e4 e5 2. Nf3 Nc6 3. Bc4 Bc5 4. c3 Nf6 5. d4 exd4 6. cxd4 Bb4+ 7. Bd2 Nxe4 8.
Bxb4 Nxb4 9. Qb3 d5 10. Qxb4 dxc4 11. O-O Qd6 12. Qxc4 O-O 13. d5 Re8 14. Re1
Bf5 15. Na3 Nf6 16. Red1 a6 17. Rac1 Be4 18. Qxc7 Qxc7 19. Rxc7 Bxd5 20. Nc4
Rad8 21. h3 g6 22. Nce5 Rc8 23. Rdc1 Rxc7 24. Rxc7 h6 25. a3 a5 26. Rc5 b6 27.
Ng4 Nxg4 28. Rxd5 Nf6 29. Rd6 Re6 30. Rxe6 fxe6 31. Kf1 Nd5 32. g3 Kf7 33. Ne5+
Kf6 34. Ng4+ Kg5 35. Ke2 h5 36. Ne3 Nxe3 37. Kxe3 Kf5 38. Kd4 a4 39. h4 Kg4 40.
Ke4 Kh3 41. Kf4 Kg2 42. g4 hxg4 43. Kxg4 e5 44. Kg5 Kxf2 45. Kxg6 e4 46. h5 e3
47. h6 e2 48. h7 e1=Q 49. h8=Q Qe4+ 50. Kf7 Ke2 51. Qc3 Qf3+ 52. Qxf3+ Kxf3 53.
Ke6 Ke4 54. Kd6 Kd3 55. Kc6 Kc2 56. Kb5 Kb3 57. Kxb6 Kxb2 58. Kb5 Kb3 0-1

[Event "Baltic Sea Cup 2008"]
[Site "Ronne"]
[Date "2008.08.04"]
[Round "8"]
[White "Kraft, Rene"]
[Black "Hansen, Thomas"]
[Result "0-1"]
[WhiteElo "1663"]
[BlackElo "1364"]
[PlyCount "112"]
[EventDate "2008.07.29"]


1. c4 c6 2. Nc3 Nf6 3. Nf3 d5 4. e3 Nbd7 5. d4 e6 6. c5 Qc7 7. b4 e5 8. dxe5
Nxe5 9. Bb2 Bg4 10. Be2 Bxf3 11. Bxf3 Nc4 12. Qc2 Be7 13. O-O O-O 14. Ne2 Nd7
15. Bd4 Nde5 16. Bxe5 Nxe5 17. Nd4 Bf6 18. Be2 g6 19. Rab1 a6 20. a4 Nd7 21. h4
Bxh4 22. Bf3 Be7 23. g3 h5 24. Kg2 h4 25. Rh1 hxg3 26. Ne6 Qe5 27. Nxf8 Bxf8
28. Rh3 gxf2 29. Kxf2 Re8 30. Qd2 Nf6 31. Rg1 Qf5 32. Kg2 Bg7 33. Rg3 Ne4 34.
Bxe4 Rxe4 35. Rf1 Qe6 36. Qf2 Rxb4 37. Qf3 d4 38. e4 Be5 39. Rg5 Rb2+ 40. Rf2
Rxf2+ 41. Qxf2 Bf6 42. Rg3 Bh4 43. Qxd4 Bxg3 44. Kxg3 Qe7 45. Kf3 f6 46. Kf4
Kf7 47. a5 g5+ 48. Kg4 Qe6+ 49. Kg3 Qe5+ 50. Qxe5 fxe5 51. Kf3 Kf6 52. Kg3 Kg7
53. Kf3 Kh6 54. Kg4 Kg6 55. Kg3 Kh5 56. Kf3 g4+ 0-1

[Event "Baltic Sea Cup 2008"]
[Site "Ronne"]
[Date "2008.08.04"]
[Round "8"]
[White "Kristensen, Kaare Hove"]
[Black "Koop, Soeren"]
[Result "1-0"]
[WhiteElo "2259"]
[BlackElo "1897"]
[PlyCount "65"]
[EventDate "2008.07.29"]


1. Nf3 d5 2. d4 Nf6 3. c4 c6 4. Nc3 dxc4 5. a4 Bf5 6. e3 e6 7. Bxc4 Bb4 8. O-O
O-O 9. Qe2 Ne4 10. Bd2 Nxd2 11. Nxd2 c5 12. dxc5 Bxc5 13. Nde4 Bb4 14. Rfd1 Qe7
15. Ng3 Bg6 16. e4 Nc6 17. Bb5 Bxc3 18. bxc3 Rfd8 19. Bxc6 bxc6 20. Qc4 c5 21.
Rxd8+ Rxd8 22. Rb1 f6 23. h3 Bf7 24. Rb5 Rc8 25. e5 Bg6 26. exf6 gxf6 27. Ne4
Bxe4 28. Qxe4 Qd6 29. Rb7 Rc7 30. Rb8+ Kg7 31. Qg4+ Kh6 32. Rg8 Qe5 33. Qh4+
1-0

[Event "Baltic Sea Cup 2008"]
[Site "Ronne"]
[Date "2008.08.04"]
[Round "8"]
[White "Kristiansen, Orla"]
[Black "Hansen, Soren Otto"]
[Result "0-1"]
[WhiteElo "1940"]
[BlackElo "1682"]
[PlyCount "94"]
[EventDate "2008.07.29"]


1. c4 c5 2. Nc3 Nf6 3. Nf3 g6 4. d4 cxd4 5. Nxd4 Bg7 6. e4 d6 7. Be2 O-O 8. Be3
Nbd7 9. Qd2 Nc5 10. f3 Bd7 11. O-O Rc8 12. Rfd1 a6 13. Rac1 h5 14. b3 Nh7 15.
Bh6 Qb6 16. Nd5 Qd8 17. Bxg7 Kxg7 18. Qe3 Bc6 19. f4 e6 20. Nc3 Nf6 21. e5 Ng4
22. Bxg4 hxg4 23. Nc2 Qh4 24. Rxd6 Rh8 25. Qg3 Qxg3 26. hxg3 Ne4 27. Nxe4 Bxe4
28. Ne3 Rh7 29. Nxg4 Rch8 30. Nf2 Rh2 31. Rcd1 Rxg2+ 32. Kf1 Bf3 33. R1d3 Rxg3
34. Ne4 Bg2+ 35. Ke2 Rxd3 36. Kxd3 Rh3+ 37. Kd4 Rh4 38. Nc5 Rxf4+ 39. Kc3 Bc6
40. Nxa6 Rf3+ 41. Kb4 g5 42. Nb8 Be4 43. Rd4 Bb1 44. Rd2 Rd3 45. Rxd3 Bxd3 46.
Nd7 g4 47. Nc5 g3 0-1

[Event "Baltic Sea Cup 2008"]
[Site "Ronne"]
[Date "2008.08.04"]
[Round "8"]
[White "Kuzubov, Yuriy"]
[Black "Hansen, Lars Bo"]
[Result "1-0"]
[WhiteElo "2578"]
[BlackElo "2569"]
[PlyCount "93"]
[EventDate "2008.07.29"]


1. d4 d5 2. c4 c6 3. Nf3 Nf6 4. e3 e6 5. Nc3 Nbd7 6. b3 Bd6 7. Bb2 O-O 8. Be2
Qe7 9. O-O b6 10. Qc2 Bb7 11. Rad1 Rfe8 12. Rfe1 Rad8 13. Bd3 c5 14. cxd5 exd5
15. Bf5 Bc6 16. e4 dxe4 17. d5 Ne5 18. dxc6 Nxf3+ 19. gxf3 Qe5 20. Rxd6 Qxd6
21. Nxe4 Qxc6 22. Nxf6+ gxf6 23. Be4 Qd6 24. Kh1 Kf8 25. Rg1 Re6 26. Bc3 Ke7
27. Qc1 a5 28. a4 h5 29. Qh6 c4 30. bxc4 Qc5 31. Qe3 Qxe3 32. fxe3 f5 33. Bd5
Rxe3 34. Bd4 Rb3 35. Re1+ Kd6 36. Bxf7 Rb4 37. Bd5 Kc7 38. Re7+ Rd7 39. Be5+
Kd8 40. Re6 Rxa4 41. Rxb6 Ra2 42. h4 a4 43. Bd6 Ra7 44. Bc6 Rc7 45. Bxc7+ Kxc7
46. Ra6 a3 47. Bd5 1-0

[Event "Baltic Sea Cup 2008"]
[Site "Ronne"]
[Date "2008.08.04"]
[Round "8"]
[White "Larsen, Bjorn H"]
[Black "Jannik, Morten Emil"]
[Result "1-0"]
[WhiteElo "1940"]
[BlackElo "1534"]
[PlyCount "45"]
[EventDate "2008.07.29"]


1. d4 d5 2. e4 c6 3. e5 Bf5 4. g4 Bg6 5. h4 h5 6. e6 Qd6 7. exf7+ Bxf7 8. g5
Nd7 9. Nc3 O-O-O 10. Be3 e5 11. dxe5 Qxe5 12. Nf3 Qe8 13. Qd2 Kb8 14. O-O-O Ne7
15. Re1 Bg6 16. Nd4 Nc5 17. Bf4+ Ka8 18. Ncb5 cxb5 19. Nxb5 Rc8 20. Rh3 Nb3+
21. Rxb3 Rxc2+ 22. Qxc2 Bxc2 23. Nc7+ 1-0

[Event "Baltic Sea Cup 2008"]
[Site "Ronne"]
[Date "2008.08.04"]
[Round "8"]
[White "Madsen, Jens Finnerup"]
[Black "Kristensen, Torben"]
[Result "1-0"]
[WhiteElo "1162"]
[BlackElo "1262"]
[PlyCount "81"]
[EventDate "2008.07.29"]


1. e4 e6 2. d4 b6 3. Bd3 Bb7 4. Nf3 Nf6 5. Qe2 c5 6. c3 Nc6 7. Be3 d5 8. e5 Ne4
9. Nbd2 Nxd2 10. Qxd2 h6 11. O-O cxd4 12. Nxd4 Nxe5 13. Bb5+ Nd7 14. Nc6 Bxc6
15. Bxc6 Rc8 16. Bb5 Be7 17. Rae1 O-O 18. Bd3 Ne5 19. Bb1 Nc4 20. Qc2 f5 21.
Bc1 Qd6 22. Qe2 Rf6 23. b3 Na5 24. g3 Rxc3 25. Bb2 Rc6 26. Bxf6 Bxf6 27. Kg2
Nb7 28. a3 Qxa3 29. Bxf5 exf5 30. Qe8+ Kh7 31. Qxc6 Nc5 32. Qxd5 Kg6 33. Qa8
Qxb3 34. Qxa7 Qd5+ 35. Kg1 Kg5 36. Qa3 Kg4 37. Qb4+ Kh3 38. f3 Bd4+ 39. Rf2
Bxf2+ 40. Kf1 Bxe1 41. Qh4# 1-0

[Event "Baltic Sea Cup 2008"]
[Site "Ronne"]
[Date "2008.08.04"]
[Round "8"]
[White "Marzano, Carlo"]
[Black "Lund, Silas"]
[Result "1/2-1/2"]
[WhiteElo "2177"]
[BlackElo "2431"]
[PlyCount "84"]
[EventDate "2008.07.29"]


1. Nc3 c5 2. Nf3 Nc6 3. d4 cxd4 4. Nxd4 Nf6 5. Bg5 Qa5 6. Bxf6 gxf6 7. g3 f5 8.
Qd3 Nxd4 9. Qxd4 Rg8 10. Qd5 Qxd5 11. Nxd5 Kd8 12. c4 e6 13. Nc3 Bb4 14. Kd2 b6
15. Bg2 Rb8 16. Kc2 Ba6 17. Nb5 h5 18. e3 Bc5 19. Bf3 Bb7 20. Bxb7 Rxb7 21.
Rad1 Ke7 22. Kd3 h4 23. Ke2 a6 24. Nd4 Rg4 25. b3 Rg8 26. Rd2 Bb4 27. Rd3 Rc8
28. a4 Bd6 29. Rhd1 Be5 30. R1d2 Bf6 31. Rd1 Rc5 32. R1d2 Rbc7 33. Rd1 d5 34.
cxd5 Rxd5 35. Nf3 Rdc5 36. R1d2 b5 37. axb5 axb5 38. Nxh4 Bxh4 39. gxh4 Kf6 40.
Rd8 Rc3 41. R2d3 Rc2+ 42. Rd2 R2c3 1/2-1/2

[Event "Baltic Sea Cup 2008"]
[Site "Ronne"]
[Date "2008.08.04"]
[Round "8"]
[White "Mejlvang, Jens Peter"]
[Black "Valet, Richard"]
[Result "1-0"]
[WhiteElo "1845"]
[BlackElo "2071"]
[PlyCount "67"]
[EventDate "2008.07.29"]


1. e4 c5 2. Nc3 Nc6 3. g3 g6 4. Bg2 Bg7 5. f4 d6 6. Nf3 e6 7. d3 Nge7 8. Ne2
Rb8 9. a4 a6 10. O-O O-O 11. g4 f5 12. h3 b5 13. axb5 axb5 14. Ng3 Qb6 15. Kh1
Bd7 16. Rb1 Ra8 17. Nh4 Bf6 18. Nf3 Ra4 19. Re1 Bg7 20. exf5 exf5 21. Ng5 Re8
22. gxf5 d5 23. fxg6 hxg6 24. f5 Be5 25. fxg6 Bxg3 26. Qf3 Rf8 27. Qxg3 Nf5 28.
Bxd5+ Kg7 29. Qg2 Ncd4 30. Bf4 Qxg6 31. Be5+ Kh6 32. Rg1 Nh4 33. Qd2 Bc6 34.
Ne4+ 1-0

[Event "Baltic Sea Cup 2008"]
[Site "Ronne"]
[Date "2008.08.04"]
[Round "8"]
[White "Nielsen, Nicholas Roland"]
[Black "Frisk, Hans"]
[Result "1/2-1/2"]
[WhiteElo "2198"]
[BlackElo "2011"]
[PlyCount "115"]
[EventDate "2008.07.29"]


1. e4 e5 2. Nf3 Nc6 3. Bb5 f5 4. Nc3 fxe4 5. Nxe4 Nf6 6. Nxf6+ Qxf6 7. Qe2 Be7
8. Bxc6 dxc6 9. Nxe5 O-O 10. d4 Bd6 11. O-O Bf5 12. f4 Bxe5 13. dxe5 Qg6 14.
Rf2 h5 15. Kh1 h4 16. h3 Rad8 17. Be3 Rd5 18. Re1 Rfd8 19. b3 b6 20. Qf3 Be4
21. Qe2 Bf5 22. Qf1 Qg3 23. Rfe2 Qg6 24. Qf2 Qg3 25. Qxg3 hxg3 26. Kg1 Kf7 27.
Bc1 Rd1 28. Kf1 Ke6 29. Bb2 R8d2 30. Bc3 Rxe1+ 31. Kxe1 Rxc2 32. Rxc2 Bxc2 33.
Ke2 Be4 34. Be1 Bxg2 35. h4 g6 36. Bxg3 Bd5 37. Ke3 a5 38. Be1 c5 39. Bd2 Kf5
40. Be1 c6 41. Bd2 Ke6 42. Kf2 Be4 43. Ke3 Bb1 44. a3 Bc2 45. b4 cxb4 46. axb4
a4 47. Bc1 Kf5 48. Kd4 Bb3 49. Kc3 Ke4 50. Bd2 b5 51. Bc1 Be6 52. Kb2 Kd4 53.
Ka3 Bd7 54. Bd2 Kd3 55. f5 Bxf5 56. Bg5 Kd4 57. Bf6 Kc4 58. Be7 1/2-1/2

[Event "Baltic Sea Cup 2008"]
[Site "Ronne"]
[Date "2008.08.04"]
[Round "8"]
[White "Poulsen, Iver"]
[Black "Zachariassen, John"]
[Result "0-1"]
[WhiteElo "2147"]
[BlackElo "1949"]
[PlyCount "44"]
[EventDate "2008.07.29"]


1. e4 d6 2. d4 Nd7 3. Nc3 c6 4. Be3 Ngf6 5. g4 e5 6. g5 Ng8 7. Qd2 Be7 8. Nf3
Qc7 9. Rg1 Nf8 10. a4 a5 11. h4 g6 12. O-O-O f5 13. gxf6 Nxf6 14. Bc4 Be6 15.
d5 Bg8 16. Bh6 Nh5 17. Be2 Nd7 18. Nh2 Ndf6 19. Ng4 Bf7 20. Bg5 O-O-O 21. Ne3
h6 22. Bxh5 hxg5 0-1